000 00552nam a22001817a 4500
005 20251108171141.0
008 250721s9999 xx 000 0 ara d
082 1 4 _a417/عبد
100 1 _aعبد الحق، عبد الحي
245 1 0 _aلغتنا العربية و السياسة /
264 1 _aالقاهرة :
_bالعربي للنشر و التوزيع،
300 _a102ص
650 1 7 _aاللغة العربية
650 1 7 _aاللهجات
650 1 7 _aعلم الإجتماع السياسي
942 _2ddc
_cBK
999 _c57889
_d57889